000 00695nam a2200229 a 4500
001 65474
003 BD-RjUL
005 20211209081429.0
008 170306s1952 ii 000 0 eng d
035 _a(BD-RjUL)65604
040 _aANL
_beng
_cANL
_dBD-RjUL
041 _aeng
082 _223
_a954.02
_bELH 1952
100 1 _aElliot, H. M.
_9193762
245 1 4 _aThe history of India as told by its own historians :
_bthe Muhammedan period.
_cH. M. Elliot ; John Dowson
250 _a2nd. ed.
260 _aCalcutta :
_bSusil Gupta (India) Ltd.,
_c1952.
300 _a149 p. ;
_c18 cm.
651 0 _aIndia
_xHistory.
_y1000-1526.
_9172228
700 _aDowson, John
_9193763
942 _2ddc
_cBK
999 _c65474
_d65474